000 01282nac a22003131i 4500
003 EG-ScBUE
005 20250526091857.0
008 250413s2005 ii a f b 001 0 eng d
020 _a8170087244
020 _a9788170087243
040 _aEG-ScBUE
_beng
_erda
_cEG-ScBUE
_dEG-ScBUE
082 0 4 _a530.41
_bPAH
_222
100 1 _aPahuja, Om Prakash,
_eauthor.
245 _aSolid state physics :
_bfor B.E, B.Tech, M.E, M.Tech, B.Sc. (Honours) and M.Sc. students and for various competitive examinations /
_cby Om Prakash Pahuja, M.Sc., Ph.D., Department of Physics and Electronics, Rajdhani College, University of Delhi.
250 _aFirst edition.
264 1 _aNew Delhi :
_bLaxmi Publications (P) LTD,
_c2005.
300 _ax, 449 pages :
_billustrations ;
_c25 cm
336 _2rdacontent
_atext
_btxt
337 _aunmediated
_2rdamedia
_bn
338 _avolume
_bnc
_2rdacarrier
504 _aIncludes bibliographical references and index.
521 _aFor B.E, B.Tech, M.E, M.Tech, B.Sc. (Honours) and M.Sc. students and for various competitive examinations.
650 7 _aEnergy-band theory of solids.
_2BUEsh
650 7 _aPhonons.
_2BUEsh
650 7 _aPolaritons.
_2BUEsh
650 7 _aElectron distribution.
_2BUEsh
655 _vReading book
942 _cBB
_2ddc
999 _c8334
_d8334